Giáo trình địa lí kinh tế xã hội việt nam
Guardado en:
| Autor principal: | |
|---|---|
| Formato: | Libro |
| Etiquetas: |
Agregar Etiqueta
Sin Etiquetas, Sea el primero en etiquetar este registro!
|
| Thư viện lưu trữ: | Mạng thư viện Đại học Đà Nẵng |
|---|
| LEADER | 00699nam a2200205 4500 | ||
|---|---|---|---|
| 001 | 000017108 | ||
| 003 | 13519 | ||
| 005 | 20150812150845.0 | ||
| 008 | 130304s sd | ||
| 100 | 0 | |a Nguyễn Viết Thịnh | |
| 245 | 0 | 0 | |a Giáo trình địa lí kinh tế xã hội việt nam |c Nguyễn Viết Thịnh |
| 774 | |a Nguyễn, Viết Thịnh |d Giáo dục |d H. |d 2000 |g Tập 1 |h 239tr. |n Giảng dạy và học tập cho sinh viên địa lí Đại học sư phạm. |w 13520 | ||
| OWN | |a LSP | ||
| 999 | |a From the UDN01 | ||
| TYP | |a Monograph | ||
| TYP | |a Printed language | ||
| 980 | |a Mạng thư viện Đại học Đà Nẵng | ||